000 00550nam a22001817a 4500
999 _c524736
_d524736
003 NUST
020 _a-
038 _aZafar Malik
082 _a891.42
_bCHA
100 _aChatta, Muhammad Bashir Ahmed
_915530
245 _aMain Na Hain Sub Toon (Mazameen) /
_cMuhammad Bashir Ahmed Chatta
260 _aGujranwala :
_bFarogh Adab Academy ;
_c2000.
300 _a160 p. ;
500 _aHardcover
880 _6100-02\r
_aمحمد بشیر احمد چٹھہ
880 _6245-02\r
_a(میں نا ہیں سب توں (مضامین
942 _2ddc
_cBK